Meziregionální migrace obyvatelstva v České republice: role likviditních omezení

Trh práce v Českej republike. Teória migrácie a empirické aplikácie na tranzitívne ekonomiky. Výsledky odhadov determinantov medziregionálnej mobility trhu práce v Českej republike.

Gespeichert in:
Bibliographische Detailangaben
1. Verfasser: Horváth, Roman
Format: Buchkapitel
Sprache:Tschechisch
Schlagworte:
Tags: Tag hinzufügen
Keine Tags, Fügen Sie das erste Tag hinzu!

MARC

LEADER 00000naa$a2200000$$$4500
001 0069116
005 20231102111345.9
041 0 |a cze 
044 |a SK 
245 1 0 |a Meziregionální migrace obyvatelstva v České republice: role likviditních omezení  |c Roman Horváth 
520 |a Trh práce v Českej republike. Teória migrácie a empirické aplikácie na tranzitívne ekonomiky. Výsledky odhadov determinantov medziregionálnej mobility trhu práce v Českej republike. 
610 2 0 |a trh práce 
610 2 0 |a migrácia 
610 2 0 |a hypotézy 
610 2 0 |a regióny 
610 2 0 |a Česko 
610 2 0 |a krajiny tranzitívne 
100 1 |a Horváth, Roman